000 01724nam a22002657a 4500
001 BRCA_9290
003 FranzMayer
005 20230724121817.0
008 230724b |||||||| |||| 00| 0 eng d
040 _aMFM
_besp
_cMFM
050 4 _aBE127
_bP68 1788
082 _2BX6074
100 1 _4Autor
_aPouget, Francisco Amado
_928944
240 1 _aInstrucciones generales en forma de catecismo
_hEn las quales por la sagrada escritura y la Tradición, se explican en compendio la Historia y los Dogmas de la Religion, la Moral Christiana, los Sacaramentos, la Oración, las ceremonias y usos de la Iglesia
_lEspañol
245 0 _aInstrucciones generales en forma de catecismo
_bEn las cuales por la sagrada escritura y la Tradición, se explican en compendió la Historia y los Dogmas de la religión, la Moral Christiana, los Sacramentos, la Oración, las ceremonias y usos de la Iglesia
260 _aMadrid
_bImprenta de Benito Cano
_c1788
300 _a392 p
_c20 cm
500 _aCon marca de fuego en las tres partes del lomo del libro: Franciscanas MFM-1211, de la Provincia de San Pedro y san Pablo de Michoacán
505 0 _aTexto en: españolTraducido del: francésDirigido a: obispos, padres, personas pertenecientes a la iglesia católica así como asistentes de la misma.Incluye índice temático
650 1 _2Cristianismo
_aReligión e iglesia
_vCatecismo
_928945
651 2 _2Catecismo
_aClases dominicales
_vNormas y rituales
_928946
700 1 _4Trad.
_aLorenzana, Francisco Antonio
_928947
856 _3http://www.marcasdefuego.buap.mx:8180/xmLibris/projects/firebrand/item.jsp?repository=marcas_de_fuego&map=1&key=marcas_de_fuego_franciscanas_20150807140752_1047.xml&num=136
942 _2lcc
_cB
999 _c10910
_d10910